Israel in exile: the history and literature of the sixth century B.C.E.
| Main Author: | |
|---|---|
| Format: | Print Book |
| Language: | English |
| Subito Delivery Service: | Order now. |
| Check availability: | HBZ Gateway |
| WorldCat: | WorldCat |
| Interlibrary Loan: | Interlibrary Loan for the Fachinformationsdienste (Specialized Information Services in Germany) |
| Published: |
Atlanta, Ga.
Soc. of Biblical Literature
2003
|
| In: |
Studies in biblical literature (3)
Year: 2003 |
| Series/Journal: | Studies in biblical literature
3 |
| Standardized Subjects / Keyword chains: | B
Israel (Antiquity)
/ History 597 BC-520 BC
B Babylonian Exile (motif) / History B Old Testament / Babylonian Exile (motif) |
| Further subjects: | B
Bible
O.T
History of Biblical events
B Bible O.T Criticism, interpretation, etc B Jews History Babylonian captivity, 598-515 B.C |
MARC
| LEADER | 00000cam a2200000 c 4500 | ||
|---|---|---|---|
| 001 | 1180277732 | ||
| 003 | DE-627 | ||
| 005 | 20251225182442.0 | ||
| 007 | tu | ||
| 008 | 040309s2003 xx ||||| 00| ||eng c | ||
| 010 | |a 2003018254 | ||
| 020 | |a 1589830555 |c (pbk. : alk. paper) |9 1-58983-055-5 | ||
| 024 | 3 | |a 9781589830554 | |
| 035 | |a (DE-627)1180277732 | ||
| 035 | |a (DE-576)110277732 | ||
| 035 | |a (DE-599)BSZ110277732 | ||
| 035 | |a (OCoLC)52886949 | ||
| 040 | |a DE-627 |b ger |c DE-627 |e rakwb | ||
| 041 | |a eng | ||
| 050 | 0 | |a DS121.65.A6213 2003 | |
| 082 | 0 | |a 296/.09/013 | |
| 084 | |a 6,22 |a 1 |2 ssgn | ||
| 100 | 1 | |0 (DE-588)123320208 |0 (DE-627)082482721 |0 (DE-576)160045525 |4 aut |a Albertz, Rainer |d 1943- | |
| 109 | |a Albertz, Rainer 1943- |a Albertz, Reiner 1943- |a Almperts, Rainer 1943- |a Albertz, R. 1943- |a Aruberutsu, R. 1943- |a Alberŭch'ŭ, Rainŏ 1943- | ||
| 191 | |a 1 | ||
| 240 | 1 | 4 | |a Die Exilszeit <engl.> |
| 245 | 1 | 0 | |a Israel in exile |b the history and literature of the sixth century B.C.E. |c by Rainer Albertz |
| 264 | 1 | |a Atlanta, Ga. |b Soc. of Biblical Literature |c 2003 | |
| 300 | |a XXII, 461 S. |b Kt. | ||
| 336 | |a Text |b txt |2 rdacontent | ||
| 337 | |a ohne Hilfsmittel zu benutzen |b n |2 rdamedia | ||
| 338 | |a Band |b nc |2 rdacarrier | ||
| 490 | 1 | |a Studies in biblical literature |v 3 | |
| 500 | |a Includes bibliographical references and index | ||
| 583 | 1 | |a Archivierung prüfen |c 20200919 |f DE-640 |z 1 |2 pdager | |
| 583 | 1 | |a Archivierung/Langzeitarchivierung gewährleistet |f SSG |x XA-DE-BW |2 pdager |5 DE-21 | |
| 601 | |a Historie | ||
| 601 | |a Literatur | ||
| 630 | 0 | 0 | |a Bible |x O.T |x Criticism, interpretation, etc |
| 630 | 0 | 0 | |a Bible |x O.T |x History of Biblical events |
| 650 | 0 | |a Jews |x History |x Babylonian captivity, 598-515 B.C | |
| 689 | 0 | 0 | |d g |0 (DE-588)4072956-4 |0 (DE-627)106093711 |0 (DE-576)209188804 |2 gnd |a Israel |g Altertum |
| 689 | 0 | 1 | |q z |2 gnd |a Geschichte v597-v520 |
| 689 | 0 | |5 DE-101 | |
| 689 | 1 | 0 | |d s |0 (DE-588)4143849-8 |0 (DE-627)105602655 |0 (DE-576)209729457 |2 gnd |a Babylonisches Exil |
| 689 | 1 | 1 | |q z |2 gnd |a Geschichte |
| 689 | 1 | |5 DE-101 | |
| 689 | 2 | 0 | |d u |0 (DE-588)4001515-4 |0 (DE-627)104603666 |0 (DE-576)208843116 |a Bibel |2 gnd |p Altes Testament |
| 689 | 2 | 1 | |d s |0 (DE-588)4143849-8 |0 (DE-627)105602655 |0 (DE-576)209729457 |2 gnd |a Babylonisches Exil |
| 689 | 2 | |5 DE-101 | |
| 689 | 3 | 0 | |d g |0 (DE-588)4072956-4 |0 (DE-627)106093711 |0 (DE-576)209188804 |2 gnd |a Israel |g Altertum |
| 689 | 3 | 1 | |q z |2 gnd |a Geschichte v597-v520 |
| 689 | 3 | |5 (DE-627) | |
| 689 | 4 | 0 | |d s |0 (DE-588)4143849-8 |0 (DE-627)105602655 |0 (DE-576)209729457 |2 gnd |a Babylonisches Exil |
| 689 | 4 | 1 | |q z |2 gnd |a Geschichte |
| 689 | 4 | |5 (DE-627) | |
| 689 | 5 | 0 | |d u |0 (DE-588)4001515-4 |0 (DE-627)104603666 |0 (DE-576)208843116 |a Bibel |2 gnd |p Altes Testament |
| 689 | 5 | 1 | |d s |0 (DE-588)4143849-8 |0 (DE-627)105602655 |0 (DE-576)209729457 |2 gnd |a Babylonisches Exil |
| 689 | 5 | |5 (DE-627) | |
| 700 | 1 | 2 | |a Albertz, Rainer |d 1943- |t Die Exilszeit <engl.> |
| 830 | 0 | |a Studies in biblical literature |v 3 |9 3 |w (DE-627)1180307917 |w (DE-576)110307917 |7 am | |
| 935 | |a mteo | ||
| 951 | |a BO | ||
| BIB | |a 1 | ||
| ELC | |b 1 | ||
| ITA | |a 1 |t 1 | ||
| LOK | |0 000 xxxxxcx a22 zn 4500 | ||
| LOK | |0 001 2440043478 | ||
| LOK | |0 003 DE-627 | ||
| LOK | |0 004 1180277732 | ||
| LOK | |0 005 20040311000000 | ||
| LOK | |0 008 040311||||||||||||||||ger||||||| | ||
| LOK | |0 040 |a DE-21 |c DE-627 |d DE-21 | ||
| LOK | |0 852 |a DE-21 | ||
| LOK | |0 852 1 |c 44 A 939 |9 00 | ||
| LOK | |0 935 |a theo | ||
| LOK | |0 936ln |a t2.1 | ||
| LOK | |0 939 |a 11-03-04 |b l01 | ||
| ORI | |a SA-MARC-ixtheoa001.raw | ||
| REF | |a Alte Geschichte | ||
| REL | |a 1 | ||
| STA | 0 | 0 | |a Babylonian Exile (motif),Babylonian Captivity,Jews,History,History,History in art |
| STB | 0 | 0 | |a Exil à Babylone (motif),Captivité de Babylone,Histoire,Histoire,Histoire |
| STC | 0 | 0 | |a Exilio Babilónico,Historia,Historia,Historia |
| STD | 0 | 0 | |a Cattività babilonese,Storia,Storia |
| STE | 0 | 0 | |a 历史,史,巴比伦囚掳 |
| STF | 0 | 0 | |a 巴比倫囚擄,歷史,史 |
| STG | 0 | 0 | |a Exílio Babilônico,História,História |
| STH | 0 | 0 | |a Вавилонский плен,История (мотив),История |
| STI | 0 | 0 | |a Βαβυλωνιακή εξορία,Ιστορία (μοτίβο),Ιστορία |
| SUB | |a BIB |a REL | ||
| SYG | 0 | 0 | |a Israel , Medinat Jisrael,Yiśraʾel,Ereṣ Yiśraʾel,Israël,Etat d'Israël,State of Israel,Yiśrāʾēl,Ereṣ Yiśrāʾēl,Medînat Yiśrā'ēl,Isrāʾīl,Izrael , Israel,Israel,Isrā'īl al-Kaskari , Babylonische Gefangenschaft , History,Geschichtliche Epoche,Historical development,Historische Entwicklung,Landesgeschichte,Regionalgeschichte,Ortsgeschichte,Zeitgeschichte , Hebrew Bible, critical edition,HBCE,Oxford Hebrew Bible,Biblia Hebraica quinta,BHQ,Biblia Hebraica,Masoretentext,Massoretentext,Masoretischer Text,Biblia Hebraica,Hebräische Bibel,Septuaginta,Septuagint,Altes Testament,Tenach,Testamentum vetus,Vetus testamentum,Erstes Testament,L'Ancien Testament,The Old Testament,Jüdische Bibel,Tanach,Tanakh,Tenakh,Miqra,al-ʿAhd al-ʿatīq,Torah neviʾim ketuvim,Torah neviʾim u-ketuvim,Sefer Torah neviʾim ketuvim,Tôrā nĕvîʾîm û-ḵtûvîm,Die Israelitische Bibel,The Hebrew Bible,Kyûyaku Seisho,Tèstamènt bieu,Antiguo Testamento,Nnom Elat,Bible,O.T.,Bible,Old Testament,תנ"ך,תנך , Babylonische Gefangenschaft , Israel , Medinat Jisrael,Yiśraʾel,Ereṣ Yiśraʾel,Israël,Etat d'Israël,State of Israel,Yiśrāʾēl,Ereṣ Yiśrāʾēl,Medînat Yiśrā'ēl,Isrāʾīl,Izrael , Israel,Israel,Isrā'īl al-Kaskari , Babylonische Gefangenschaft , History,Geschichtliche Epoche,Historical development,Historische Entwicklung,Landesgeschichte,Regionalgeschichte,Ortsgeschichte,Zeitgeschichte , Hebrew Bible, critical edition,HBCE,Oxford Hebrew Bible,Biblia Hebraica quinta,BHQ,Biblia Hebraica,Masoretentext,Massoretentext,Masoretischer Text,Biblia Hebraica,Hebräische Bibel,Septuaginta,Septuagint,Altes Testament,Tenach,Testamentum vetus,Vetus testamentum,Erstes Testament,L'Ancien Testament,The Old Testament,Jüdische Bibel,Tanach,Tanakh,Tenakh,Miqra,al-ʿAhd al-ʿatīq,Torah neviʾim ketuvim,Torah neviʾim u-ketuvim,Sefer Torah neviʾim ketuvim,Tôrā nĕvîʾîm û-ḵtûvîm,Die Israelitische Bibel,The Hebrew Bible,Kyûyaku Seisho,Tèstamènt bieu,Antiguo Testamento,Nnom Elat,Bible,O.T.,Bible,Old Testament,תנ"ך,תנך , Babylonische Gefangenschaft |
| TIM | |a 099994030101_099994801231 |b Geschichte v597-v520 | ||